Linux tipy a triky pro bezpečnost

Bibliographic Details
Main Author: Krčmář, Petr (Author)
Format: Book
Language:Czech
Published: Praha Grada 2004
ISBN:8024708124
Edition:1. vyd.
Subjects:

MARC

LEADER 00000nam a22000005a 4500
001 vtls001517946
003 SK-MaSNL
005 20260302073904.0
008 240314s2004 xr f f 001 0 cze
020 |a 8024708124  |q (brož.) 
040 |a SNK  |b slo  |c SNK  |e AACR2 
041 0 |a cze 
044 |a xr  |c CZ 
072 7 |a 004.4/.6  |x Programové vybavenie. Programové prostriedky  |2 konspekt 
080 |a 004.056  |2 MDT-MRF 
080 |a 004.6.056.5  |2 MDT-MRF 
080 |a (035)  |2 MDT-MRF 
100 1 |a Krčmář, Petr  |4 aut  |9 738855 
245 1 0 |a Linux  |b tipy a triky pro bezpečnost  |c Petr Krčmář 
250 |a 1. vyd. 
260 |a Praha  |b Grada  |c 2004 
650 0 7 |a Linux  |2 SNKPH  |9 78219 
650 0 7 |a počítačová bezpečnosť  |2 SNKPH  |9 29531 
650 0 7 |a ochrana dát  |2 SNKPH  |9 1854 
655 7 |a príručky  |2 SNKPH  |9 74364 
919 |a 80-247-0812-4 
999 |c 1162736  |d 1164666 
952 |a SNK  |b SNK  |y VYP  |7 0  |p 17A0460398  |o snkIC 132098  |i snk2005/3381  |8 3  |g 10.06  |0 0  |1 0  |4 0  |d 2005-03-07  |l 0  |r 2026-02-24 20:38:43  |w 2026-02-24